LIBRARY & INFORMATION CENTRE, KCAET, TAVANUR

ONLINE PUBLIC ACCESS CATALOGUE (OPAC)

Estimating, costing and specification in civil engineering / (Record no. 2063)

MARC details
000 -LEADER
fixed length control field 00468cam a2200181ua 4500
041 ## - LANGUAGE CODE
Language code of text/sound track or separate title eng
082 ## - DEWEY DECIMAL CLASSIFICATION NUMBER
Classification number 692.5
Item number CHA/ES
100 ## - MAIN ENTRY--AUTHOR NAME
Personal name Chakraborti, M .
245 ## - TITLE STATEMENT
Title Estimating, costing and specification in civil engineering /
250 ## - EDITION STATEMENT
Edition statement 8 /
260 ## - PUBLICATION, DISTRIBUTION, ETC. (IMPRINT)
Place of publication Calcutta :
Name of publisher M.Chakraborti ,
Year of publication 1984.
300 ## - PHYSICAL DESCRIPTION
Number of Pages 767 ; .
942 ## - ADDED ENTRY ELEMENTS (KOHA)
Koha item type Books
Holdings
Withdrawn status Lost status Damaged status Home library Current library Date acquired Full call number Accession Number Koha item type
      KAUAET KAUAET 09/03/1987 692.5 15981 Books
free website counter